| 000 | 00415nam a2200181Ia 4500 | ||
|---|---|---|---|
| 008 | 230524s9999 xx 000 0 und d | ||
| 020 | _a8123907974 | ||
| 082 |
_a624 _bGUP |
||
| 100 | _aS.P.Gupta | ||
| 245 | 0 | _aCivil Engineering | |
| 250 | _a3 | ||
| 260 |
_aNew Delhi _bC.B.S _c2015 |
||
| 300 | _a"VI,495p;" | ||
| 500 | _aQuantity Number: 10 | ||
| 650 | _aCivil | ||
| 700 |
_aS.S.Gupta _940945 |
||
| 942 | _cBK | ||
| 999 |
_c55270 _d55270 |
||